Satılık ada Kıbrıs : (Record no. 14497)

MARC details
000 -BAŞLIK
Sabit Uzunlukta Kontrol Alanı 00997nam a22002897a 4500
999 ## - SİSTEM KONTROL NUMARALARI (KOHA)
Koha Biblionumber 14497
Koha Biblioitemnumber 14497
003 - KONTROL NUMARASI IDENTIFIER
Denetim Alanı MIRAKIL
005 - SON İŞLEM TARİHİ VE ZAMANI
Denetim Alanı 20210819144256.0
008 - SABİT-BOY VERİ ELEMANLARI - GENEL BİLGİLER
Sabit Uzunlukta Kontrol Alanı 210819b tu ||||| |||| 00| 0 tur d
020 ## - ULUSLARARASI STANDART KİTAP NUMARASI
Uluslararası Standart Kitap Numarası 9756448229
040 ## - KATALOGLAMA KAYNAK
Orijinal Kataloglama Ajansı TR-AnCHP
Kataloglama Dili tur
Metne Dönüştürmek Ajansı TR-AnCHP
041 ## - DİL KODU
Metin / Ses Parça Veya Ayrı Başlığın Dil Kodu tur
082 ## - DEWEY ONLU SINIFLANDIRMA NUMARASI
Sınıflandırma Numarası 956.93
Ürün Numarası M97s 2004
100 1# - ANA GİRİŞ - KİŞİSEL İSİM
Kişisel Ad Mütercimler, Erol
245 ## - BAŞLIK TABLOSU
Başlık Satılık ada Kıbrıs :
Başlığın Kalan Barış Harekatının bilinmeyen öyküsü /
Sorumluluk Tablosu, Vb Erol Mütercimler
246 ## - UNVAN FORM VARYING
Başlık Doğru / Kısa Başlığı Barış Harekatının bilinmeyen öyküsü
260 ## - YAYIN, DAĞITIM, VB
Yayın, Dağıtım, Vb Yeri İstanbul :
Yayıncı, Dağıtıcı, Vs Adı Toplumsal Değişim Yayınları,
Yayın, Dağıtım, Vb Tarihi 2004.
300 ## - FİZİKSEL TANIM
Kapsam 464 s.:
Boyutlar 20 sm.
490 0# - SERİSİ TABLOSU
Seri Beyanı Toplumsal Değişim yayınları ;
-- Araştırma ve inceleme ;
Hacim / Ardışık Tanımı 222.
-- 72.
504 ## - KAYNAKÇA VB NOT
Kaynakça Vb Notu Kaynakça vadır.
650 ## - KONU KATMA GİRİŞ - TOPİKAL DÖNEM
Topikal Süreli Veya Coğrafi Ad Giriş Elemanı Kıbrıs Barış Harekatı
650 ## - KONU KATMA GİRİŞ - TOPİKAL DÖNEM
Topikal Süreli Veya Coğrafi Ad Giriş Elemanı Türkler
Genel Alt Bölümü Tarih
Coğrafi Alt Bölümü Kıbrıs
650 ## - KONU KATMA GİRİŞ - TOPİKAL DÖNEM
Topikal Süreli Veya Coğrafi Ad Giriş Elemanı Kıbrıs tarihi
Genel Alt Bölümü Kıbrıs krizi
651 ## - KONU KATMA GİRİŞ - COĞRAFİ ADI
Coğrafi İsim Kıbrıs
Genel Alt Bölümü Etnik ilişkiler
Kronolojik Alt Bölümü Türkler
740 ## - KATMA GİRİŞ - KONTROLSUZ İLGİLİ / ANALİTİK BAŞLIK
Kontrol Edilmeyen / İlgili Analitik Başlıktaki Barış Harekatının bilinmeyen öyküsü
942 ## - EKLENDİ GİRİŞ ELEMANLARI (KOHA)
Sınıflandırma Veya Raf Düzeni Kaynak Dewey Decimal Classification
Koha Öğesi Türü Books
999 ## - SİSTEM KONTROL NUMARALARI (KOHA)
Koha Biblioitemnumber 14497
Holdings
Kalıcı Konum Mevcut Konum Edinme Tarihi Toplam Check-Out'Lar Tam Çağrı Numarası Barkod Tarih Son Görülme İtibaren Geçerli Fiyatlar Sigara Kamu Notu Koha Öğesi Türü
CHP Kütüphanesi CHP Kütüphanesi 08/19/2021   956.93 M97s 2004 019991 08/19/2021 08/19/2021 Emin Değer Bağışıdır. Books